000 00453nam a22001697a 4500
003 BD-ChCU
005 20260428085634.0
008 260428b bg ||||| |||| 00| 0 ben d
040 _cBD-ChCU
082 _a181 TOE
100 _aTomlin , E.W.F.
_921995
245 _aThe eastern philosophers :
_ban introduction./
260 _aLondon :
_bHutchinson ,
_cC 1963
300 _a319p.
650 0 _aPhilosophy , Occidental .
_921996
942 _2ddc
_cBK
_n0
999 _c112475
_d112475